00719nam a22002417a 450000500170000001000110001702000100002803500110003803700160004904000120006508200160007710000250009324500410011826000320015927000190019130000280021065000460023865000180028470000100030294200250031299900190033795201210035620170124110120.0 a764589 c00.00 a764589 bCen Lib/Ret aDPLbEN a972.92bMIK aMikes, George930514 aNot by sun alone /cby George Mikes aLondonbAndre Deutschc1967 aLondonbLondon a142p. :c21cm(Hb)bill. aNational characteristics, Jamaican930515 aTravel925007 930461 2ddccENh972.92mMIK c130970d130970 00104070aLbLd2015-07-11eCen Lib/Retg0.00l0o972.92 MIKp764589r2015-07-11 00:00:00t1v0.00w2015-07-11yEN